Startupové a podnikateľské ekosystémy a vysoké školy ako ich pevná súčasť

Objasnenie pojmov a definovanie startupového a podnikateľského ekosystému. Stertupový ekosystém označovaný ako podnikateľský ekosystém, predstavujúci dobrovoľnú spoluprácu viacerých subjektov na určitom priestore za účelom spoločnej výpomoci. Spôsoby prepojenia vysokého školstva s praxou.

Saved in:
Bibliographic Details
Main Author: Mišún, Juraj, 1978-
Format: Book Chapter
Language:Slovak
Subjects:
Tags: Add Tag
No Tags, Be the first to tag this record!

MARC

LEADER 00000naa$a2200000$$$4500
001 0210885
005 20240502073519.7
041 0 |a slo 
044 |a SK 
245 1 0 |a Startupové a podnikateľské ekosystémy a vysoké školy ako ich pevná súčasť  |c Juraj Mišún 
520 |a Objasnenie pojmov a definovanie startupového a podnikateľského ekosystému. Stertupový ekosystém označovaný ako podnikateľský ekosystém, predstavujúci dobrovoľnú spoluprácu viacerých subjektov na určitom priestore za účelom spoločnej výpomoci. Spôsoby prepojenia vysokého školstva s praxou. 
610 2 0 |a stratégia podnikateľská 
610 2 0 |a zámery podnikateľské 
610 2 0 |a prostredie podnikateľské 
610 2 0 |a školy vysoké 
610 2 0 |a start-up 
610 2 0 |a škola a prax 
610 2 0 |a konkurencia 
100 1 |a Mišún, Juraj, 1978-